Khám phá thế giới: Chào mừng quý khách đến California = The world discovery welcome to Caliornia

Spremljeno u:
Bibliografski detalji
Format: Knjiga
Jezik:Undetermined
Izdano: Hà Nội Thông Tấn 2004
Teme:
Oznake: Dodaj oznaku
Bez oznaka, Budi prvi tko označuje ovaj zapis!
Thư viện lưu trữ: Trung tâm Học liệu Trường Đại học Cần Thơ
LEADER 00583nam a2200193Ia 4500
001 CTU_74702
008 210402s9999 xx 000 0 und d
020 |b 35000 
082 |a 917.3 
082 |b Kh105 
245 0 |a Khám phá thế giới: Chào mừng quý khách đến California = 
245 4 |b The world discovery welcome to Caliornia 
260 |a Hà Nội 
260 |b Thông Tấn 
260 |c 2004 
650 |a United States 
650 |x Description and travel 
904 |i Tuyến 
980 |a Trung tâm Học liệu Trường Đại học Cần Thơ